Statistics for Champions League Winners Tile Select

Click here to take the quiz!

General Stats

  • This quiz has been taken 203 times
  • The average score is 57 of 64

Answer Stats

QuestionTileSelect% Correct
UEFA Champions League / European Cup WinnersDinamo TbilissiNo
99%
UEFA Champions League / European Cup WinnersAC MilanYes
98%
UEFA Champions League / European Cup WinnersAjaxYes
98%
UEFA Champions League / European Cup WinnersBayern MunichYes
98%
UEFA Champions League / European Cup WinnersChelseaYes
96%
UEFA Champions League / European Cup WinnersManchester UnitedYes
95%
UEFA Champions League / European Cup WinnersRapid WienNo
95%
UEFA Champions League / European Cup WinnersVideotonNo
95%
UEFA Champions League / European Cup WinnersCSKA MoscowNo
94%
UEFA Champions League / European Cup WinnersEvertonNo
94%
UEFA Champions League / European Cup WinnersFC BarcelonaYes
94%
UEFA Champions League / European Cup WinnersInter MilanYes
94%
UEFA Champions League / European Cup WinnersJuventusYes
94%
UEFA Champions League / European Cup WinnersReal MadridYes
94%
UEFA Champions League / European Cup WinnersSlovan BratislavaNo
94%
UEFA Champions League / European Cup WinnersAnderlechtNo
93%
UEFA Champions League / European Cup WinnersBorussia MönchengladbachNo
93%
UEFA Champions League / European Cup WinnersFK PartizanNo
93%
UEFA Champions League / European Cup WinnersLiverpoolYes
93%
UEFA Champions League / European Cup WinnersManchester CityYes
93%
UEFA Champions League / European Cup WinnersArsenalNo
92%
UEFA Champions League / European Cup WinnersAS RomaNo
92%
UEFA Champions League / European Cup WinnersFenerbahçeNo
92%
UEFA Champions League / European Cup WinnersFiorentinaNo
92%
UEFA Champions League / European Cup WinnersGöteborgNo
92%
UEFA Champions League / European Cup WinnersOlympiacosNo
92%
UEFA Champions League / European Cup WinnersReal ZaragozaNo
92%
UEFA Champions League / European Cup WinnersSaint-EtienneNo
92%
UEFA Champions League / European Cup WinnersSampdoriaNo
92%
UEFA Champions League / European Cup WinnersSlavia PragueNo
92%
UEFA Champions League / European Cup WinnersTorinoNo
92%
UEFA Champions League / European Cup WinnersBayer LeverkusenNo
91%
UEFA Champions League / European Cup WinnersBenficaYes
91%
UEFA Champions League / European Cup WinnersMonacoNo
91%
UEFA Champions League / European Cup WinnersNewcastle UnitedNo
91%
UEFA Champions League / European Cup WinnersParmaNo
91%
UEFA Champions League / European Cup WinnersReimsNo
91%
UEFA Champions League / European Cup WinnersSpartak MoscowNo
91%
UEFA Champions League / European Cup WinnersBorussia DortmundYes
90%
UEFA Champions League / European Cup WinnersLazioNo
90%
UEFA Champions League / European Cup WinnersLyonNo
90%
UEFA Champions League / European Cup WinnersPortoYes
90%
UEFA Champions League / European Cup WinnersTottenham HotspurNo
90%
UEFA Champions League / European Cup WinnersParis Saint-GermainNo
89%
UEFA Champions League / European Cup WinnersDynamo KievNo
88%
UEFA Champions League / European Cup WinnersEintracht FrankfurtNo
87%
UEFA Champions League / European Cup WinnersNapoliNo
87%
UEFA Champions League / European Cup WinnersSchalke 04No
87%
UEFA Champions League / European Cup WinnersGalatasarayNo
86%
UEFA Champions League / European Cup WinnersNottingham ForestYes
86%
UEFA Champions League / European Cup WinnersCelticYes
83%
UEFA Champions League / European Cup WinnersLeeds UnitedNo
83%
UEFA Champions League / European Cup WinnersMarseilleYes
83%
UEFA Champions League / European Cup WinnersRangersNo
83%
UEFA Champions League / European Cup WinnersRed Star BelgradeYes
83%
UEFA Champions League / European Cup WinnersSporting CPNo
83%
UEFA Champions League / European Cup WinnersValencia CFNo
83%
UEFA Champions League / European Cup WinnersAston VillaYes
82%
UEFA Champions League / European Cup WinnersPSV EindhovenYes
82%
UEFA Champions League / European Cup WinnersSevilla FCNo
82%
UEFA Champions League / European Cup WinnersAtletico MadridNo
79%
UEFA Champions League / European Cup WinnersFeyenoordYes
77%
UEFA Champions League / European Cup WinnersHamburgYes
69%
UEFA Champions League / European Cup WinnersSteaua BucureștiYes
66%

Score Distribution

Percentile by Number Answered

Percent of People with Each Score

Your Score History

You have not taken this quiz